Páramo: (Registro nro. 16656)
[ vista simple ]
| 000 -CABECERA | |
|---|---|
| Campo de control | 008630000a22002650004500 |
| 005 - FECHA Y HORA DE LA ULTIMA TRANSACCION | |
| Campo de control | 20180803170111.0 |
| 008 - ELEMENTOS DE LONGITUD FIJA—INFORMACION GENERAL | |
| Campo de control | 170207b xxu||||| |||| 00| 0 spa d |
| 040 ## - FUENTE DE CATALOGACIÓN | |
| Agencia catalogadora original | CO-BoIAVH |
| Agencia transcriptora | CO-BoIAVH |
| 041 ## - IDIOMA | |
| Código de idioma para texto/pista de sonido o título separado | Español |
| 090 ## - CLASIFICACIÓN LOCAL | |
| Colección | MM |
| Consecutivo | 00271 |
| 245 10 - MENCION DE TITULO | |
| Título | Páramo: |
| Parte restante del título | La cuna del agua |
| 257 ## - PAIS DE LA ENTIDAD PRODUCTORA DE FILMES DE ARCHIVO | |
| País de la entidad productora | Colombia |
| 264 ## - Producción, Publicación, Distribución, Fabricación y Aviso de copyright | |
| Lugar de producción, publicación, etc | Bogotá: |
| Nombre del productor, editor, etc. | Procuraduría General de la Nación, |
| Fecha de la producción, publicación, etc. | s.f. |
| 300 ## - DESCRIPCION FISICA | |
| Extensión | 15.30 min. |
| Otros detalles físicos | DVD |
| 650 14 - ASIENTO SECUNDARIO DE MATERIA - TERMINO TEMATICO | |
| Término temático o nombre geográfico como elemento de entrada | Páramos |
| 650 14 - ASIENTO SECUNDARIO DE MATERIA - TERMINO TEMATICO | |
| Término temático o nombre geográfico como elemento de entrada | Recursos hídricos |
| 700 1# - ASIENTO SECUNDARIO - NOMBRE PERSONAL | |
| Nombre personal | Barrera, Sonia |
| Key for music | Editor |
| 700 1# - ASIENTO SECUNDARIO - NOMBRE PERSONAL | |
| Nombre personal | Greiff, Boris de |
| Key for music | Guionista |
| 700 1# - ASIENTO SECUNDARIO - NOMBRE PERSONAL | |
| Nombre personal | Gonzalez, Juana |
| Key for music | Cámara |
| 700 1# - ASIENTO SECUNDARIO - NOMBRE PERSONAL | |
| Nombre personal | González, Mónica |
| Key for music | Cámara |
| 700 1# - ASIENTO SECUNDARIO - NOMBRE PERSONAL | |
| Nombre personal | Avila, Yaikaparu |
| Key for music | Animación |
| 700 1# - ASIENTO SECUNDARIO - NOMBRE PERSONAL | |
| Nombre personal | Castrillón, Astrid |
| Key for music | Producción |
| 710 1# - ASIENTO SECUNDARIO - NOMBRE CORPORATIVO | |
| Language of a work | Colombia |
| Nombre corporativo o de jurisdicción como elemento de entrada | Procuraduría General de la Nación |
| 942 ## - ELEMENTOS ADICIONALES (KOHA) | |
| Tipo de ítem | DVD |
| Sistema de clasificación | Local |
| Withdrawn status | Lost status | Sistema de Clasificación | Damaged status | No para préstamo | Colección | Ubicación Permanente | Ubicación actual | Fecha de adquisición | Total Checkouts | Número topográfico | Inventario / Código de Barras | Date last seen | Ejemplar | Price effective from | Forma de adquisición | Tipo de material |
|---|---|---|---|---|---|---|---|---|---|---|---|---|---|---|---|---|
| Local | Audiovisual | Bogotá | Bogotá | 07/02/2017 | MM-00271 | 027798 | 25/03/2015 | Ej.1 | 25/03/2015 | Donación | DVD |